Russian nationalism from an interdisciplinary perspective : imagining Russia

Αποθηκεύτηκε σε:
Λεπτομέρειες βιβλιογραφικής εγγραφής
Κύριος συγγραφέας: Rancour-Laferriere, Daniel
Μορφή: Βιβλίο
Γλώσσα:English
Δημοσίευση: Lewiston; Queenston; Lampeter : Edwin Mellen Press, c2000
Σειρά:Slavic studies ; ; 5
Θέματα:
Ετικέτες: Προσθήκη ετικέτας
Δεν υπάρχουν, Καταχωρήστε ετικέτα πρώτοι!

MARC

LEADER 00000nam a2200000 i 4500
001 1/33505
008 030304s2000 eng d
020 |a 0-7734-7671-7 
035 |l 10069525 
040 |a GR-MY-UA  |b gre  |e aacr 
041 0 |a eng 
082 0 |a 320.540947  |2 (21) 
100 1 |a Rancour-Laferriere, Daniel. 
245 1 0 |a Russian nationalism from an interdisciplinary perspective :  |b imagining Russia /  |c Daniel Rancour-Laferriere 
260 |a Lewiston; Queenston; Lampeter :   |b Edwin Mellen Press,   |c c2000 
300 |a xx, 349 σ.;  |c 24 εκ. 
490 1 |a Slavic studies  |v ; 5 
504 |a Περιέχει βιβλιογραφία και ευρετήριο 
650 0 0 |a Russians  |x Ethnic identity. 
650 0 0 |a Nationalism  |z Russia. 
650 0 0 |a National characteristics, Russian. 
830 0 |a Slavic studies ;  |v ; 5 
852 |a INST  |b LESVOS  |e 20030304  |h 320.540947 RAN  |p 005100026884  |q 005100026884  |t BK  |y 0 
901 |a BIBL1-2003-2 
909 |a Λ  |b 104201 
922 |a 1ΕΛΗ  |b 200320  |c ΕΠΕΑΕΚ2/ΤΚΑ  |d ΠΑΠΑΣΩΤΗΡΙΟΥ & ΕΛΕΥΘΕΡΟΥΔΑΚΗΣ 
950 |a 117-2002-09-20 
970 |a ΧΡΙΣΤΟΦΑ  |b ΝΙΚΗ  |z 2003/08/08